000 01023nam0a22002651 4500
001 rc\274147
005 20250621010644.0
035 _a(NLR Aleph) 005491563
090 _a5212769
_c5212769
100 _a20030307d1990 |||y0rusy50 ca
101 0 _arus
102 _aRU
105 _aa |||||||||
200 1 _aНИЗКОТЕМПЕРАТУРНЫЕ магнитные свойства электротехнических магнитомягких сплавов
_fВ.А. Десненко, Н.М. Недосека, В.И. Печерская и др.
210 _aХарьков
_cБ. и.
_d1990
215 _a9 с.
_cграф.
_d20
225 1 _aПрепринт
_fАН УССР. Физ.-техн. ин-т низ. температур
_v32-90
300 _aРез. на англ. яз.
320 _aБиблиогр.: с. 9
701 1 _aДесненко
_bВ.А.
_gВладимир Алексеевич
801 0 _aRU
_bNLR
_gpsbo
801 1 _aRU
_bELAR
_2rusmarc
852 _aNLR
_j90-4/18829
942 _cBOOK
980 _aNB